000 00320 a2200133 4500
000 nam a22 7a 4500
100 _aSanjay Joshi
110 _aSanjay Joshi
245 _aEncyclopaedia of Yoga for Common Diseases
250 _alatest edition
260 _bOxford
_c2025
264 _bOxford
_c2025
942 _cBK
999 _c396237
_d396237